000 00365nam a22001217a 4500
999 _c13577
_d13577
082 _a891.4393
100 _a مرتبہ و مقدمہ قرات العین حیدر
245 _aانتخاب سجاد حیدر یلدرم
260 _aلاہور
_bسنگ میل پبلیکیشنز
_c١٩٩٠
300 _a٦٢١ صفحات
650 _aUrdu Afsana
942 _cBK